000
00356nam a2200157Ia 4500
008
221030s9999 xx 000 0 und d
020
_a
8182090385
041
_a
English
082
_a
105.23
100
_a
-
245
0
_a
100 English Competency Tests
_c
by -
260
_b
Vijay Nicole
_a
Chennai
_c
2004
300
_a
108
650
_a
English
942
_c
BK
999
_c
5809
_d
5809